| 000 | 01211nam a2200277 a 4500 | ||
|---|---|---|---|
| 001 | 14586818 | ||
| 008 | 190131s2006 ||||||||||||||||| || u | ||
| 010 | _a2006283910 | ||
| 020 | _a9780782144482 | ||
| 050 | _aQA 76.3 Don | ||
| 100 | _aDonald, Lisa | ||
| 245 | 1 | 0 |
_aMCSA/MCSE: Windows Server 2003 environment management & maintenance study guide. (2nd ed.) _cBy Lisa Donald with James Chellis. |
| 250 | _a2nd edition | ||
| 260 |
_aIndianapolis: _bWiley Publishing, Inc _c2006 |
||
| 300 | _axliii, 675p.: ill. | ||
| 350 | _a32.15 | ||
| 500 | _aAccompanied by CD-ROM | ||
| 650 | 0 | _aELECTRONIC DATA PROCESSING PERSONNEL--CERTIFICATION--STUDY GUIDES | |
| 650 | 0 | _aCOMPUTER NETWORKS--EXAMINATIONS--STUDY GUIDES | |
| 650 | _aMICROSOFT WINDOWS SERVER--EXAMINATIONS--STUDY GUIDES | ||
| 700 | _aChellis, James | ||
| 856 | _uhttp://www.loc.gov/catdir/toc/fy0706/2006283910.html | ||
| 856 | _uhttp://www.loc.gov/catdir/enhancements/fy0653/2006283910-d.html | ||
| 856 | _uhttp://www.loc.gov/catdir/enhancements/fy0658/2006283910-b.html | ||
| 995 |
_FCBU-MAIN LIBRARY (Kitwe) _I32.15 _M1 _UAVAILABLE _WJan 31, 2019 _ZMain Library Open Access Collection |
||
| 999 |
_c50798 _d50798 |
||